<?xml version="1.0" encoding="UTF-8"?>
<record
    xmlns:xsi="http://www.w3.org/2001/XMLSchema-instance"
    xsi:schemaLocation="http://www.loc.gov/MARC21/slim http://www.loc.gov/standards/marcxml/schema/MARC21slim.xsd"
    xmlns="http://www.loc.gov/MARC21/slim">

  <leader>02192nam a22002897a 4500</leader>
  <controlfield tag="003">OSt</controlfield>
  <controlfield tag="005">20240917115158.0</controlfield>
  <controlfield tag="008">240917s2024    mx adb|f |||| 001 0 spa d</controlfield>
  <datafield tag="020" ind1=" " ind2=" ">
    <subfield code="a">9786071206572</subfield>
  </datafield>
  <datafield tag="040" ind1=" " ind2=" ">
    <subfield code="a">CHAP</subfield>
    <subfield code="c">CHAP</subfield>
    <subfield code="e">rda</subfield>
  </datafield>
  <datafield tag="082" ind1="0" ind2="0">
    <subfield code="2">22</subfield>
    <subfield code="a">363.610972</subfield>
    <subfield code="b">V71</subfield>
  </datafield>
  <datafield tag="100" ind1="1" ind2=" ">
    <subfield code="a">Villag&#xF3;mez Vel&#xE1;zquez, Yanga</subfield>
    <subfield code="9">189615</subfield>
  </datafield>
  <datafield tag="245" ind1="1" ind2="0">
    <subfield code="a">Agua y pueblos ind&#xED;genas de M&#xE9;xico /</subfield>
    <subfield code="c">por Yanga Villag&#xF3;mez Vel&#xE1;zquez y Emanuel G&#xF3;mez Mart&#xED;nez</subfield>
  </datafield>
  <datafield tag="250" ind1=" " ind2=" ">
    <subfield code="a">Primera edici&#xF3;n</subfield>
  </datafield>
  <datafield tag="264" ind1=" " ind2="1">
    <subfield code="a">M&#xE9;xico:</subfield>
    <subfield code="b">Universidad Aut&#xF3;noma Chapingo,</subfield>
    <subfield code="c">2024.</subfield>
  </datafield>
  <datafield tag="300" ind1=" " ind2=" ">
    <subfield code="a">193 p&#xE1;ginas</subfield>
    <subfield code="b">Ilustraciones, cuadros, gr&#xE1;ficas, mapas</subfield>
  </datafield>
  <datafield tag="336" ind1=" " ind2=" ">
    <subfield code="2">rdacontent</subfield>
    <subfield code="a">texto</subfield>
    <subfield code="b">txt</subfield>
  </datafield>
  <datafield tag="337" ind1=" " ind2=" ">
    <subfield code="2">rdamedia</subfield>
    <subfield code="a">sin medio</subfield>
    <subfield code="b">n</subfield>
  </datafield>
  <datafield tag="338" ind1=" " ind2=" ">
    <subfield code="2">rdacarrier</subfield>
    <subfield code="a">volumen</subfield>
    <subfield code="b">nc</subfield>
  </datafield>
  <datafield tag="504" ind1=" " ind2=" ">
    <subfield code="a">Incluye &#xED;ndice y biliograf&#xED;a</subfield>
  </datafield>
  <datafield tag="520" ind1=" " ind2=" ">
    <subfield code="a">&#xBF;C&#xF3;mo es la relaci&#xF3;n entre los pueblos ind&#xED;genas de M&#xE9;xico y el agua? &#xBF;que hay detr&#xE1;s? Para responder estas preguntas se cruzaron dos tipos de fuentes; la informaci&#xF3;n socio-antropol&#xF3;gica generada por Instituciones especializadas en estudios de los pueblos ind&#xED;genas de M&#xE9;xico, como son INPI, Inali, Ciesas, entre otras; y la informaci&#xF3;n de las Regiones y Cuencas Hidrol&#xF3;gicas generadas por Conagua. Pese al reconocimiento jur&#xED;dico del agua como un derecho humano, a&#xFA;n debe conocerse a fondo la perspectiva de los pueblos ind&#xED;genas, para comprender los derechos econ&#xF3;micos, sociales, culturales y ambientales de esta importante sector de la poblaci&#xF3;n, y los procesos de conflicto en las regiones y territorios en los que est&#xE1;n presentes desde hace siglos, incluso milenios aunque parezca exagerado, Este libro es un esfuerzo por comprender y abordar los desaf&#xED;os h&#xED;dricos de M&#xE9;xico, con el objetivo de incidir en la elaboraci&#xF3;n de pol&#xED;ticas  h&#xED;dricas inclusivas, integrales y respetuosas con la diversidad cultural, garantizando el acceso equitativo de la poblaci&#xF3;n al agua, con &#xE9;nfasis en la demanda espec&#xED;fica y particular de los pueblos ind&#xED;genas.</subfield>
  </datafield>
  <datafield tag="650" ind1=" " ind2="4">
    <subfield code="a">Agua</subfield>
    <subfield code="x">Abastecimiento rural</subfield>
    <subfield code="9">2277</subfield>
  </datafield>
  <datafield tag="650" ind1=" " ind2="4">
    <subfield code="a">Agua abastecimiento</subfield>
    <subfield code="x">Pol&#xED;tica gubernamental</subfield>
    <subfield code="9">136832</subfield>
  </datafield>
  <datafield tag="650" ind1=" " ind2="4">
    <subfield code="a">Pol&#xED;tica de aguas  </subfield>
    <subfield code="9">161383</subfield>
  </datafield>
  <datafield tag="700" ind1="1" ind2=" ">
    <subfield code="a">G&#xF3;mez Mart&#xED;nez, Emanuel</subfield>
    <subfield code="9">186058</subfield>
  </datafield>
  <datafield tag="942" ind1=" " ind2=" ">
    <subfield code="2">ddc</subfield>
    <subfield code="c">LIBRO</subfield>
  </datafield>
  <datafield tag="999" ind1=" " ind2=" ">
    <subfield code="c">220169</subfield>
    <subfield code="d">220169</subfield>
  </datafield>
  <datafield tag="952" ind1=" " ind2=" ">
    <subfield code="0">0</subfield>
    <subfield code="1">0</subfield>
    <subfield code="2">ddc</subfield>
    <subfield code="4">0</subfield>
    <subfield code="5">1</subfield>
    <subfield code="7">0</subfield>
    <subfield code="8">UACH</subfield>
    <subfield code="a">BC</subfield>
    <subfield code="b">BC</subfield>
    <subfield code="c">PA_UACH</subfield>
    <subfield code="d">2024-09-17</subfield>
    <subfield code="l">0</subfield>
    <subfield code="o">363.610972 V71</subfield>
    <subfield code="p">33724002590755</subfield>
    <subfield code="r">2024-09-17 12:35:47</subfield>
    <subfield code="w">2024-09-17</subfield>
    <subfield code="y">LIBRO</subfield>
  </datafield>
  <datafield tag="952" ind1=" " ind2=" ">
    <subfield code="0">0</subfield>
    <subfield code="1">0</subfield>
    <subfield code="2">ddc</subfield>
    <subfield code="4">0</subfield>
    <subfield code="5">2</subfield>
    <subfield code="7">0</subfield>
    <subfield code="8">GRAL</subfield>
    <subfield code="a">BC</subfield>
    <subfield code="b">BC</subfield>
    <subfield code="c">PA_GRAL</subfield>
    <subfield code="d">2024-09-17</subfield>
    <subfield code="l">1</subfield>
    <subfield code="o">363.610972 V71</subfield>
    <subfield code="p">33724002590716</subfield>
    <subfield code="r">2026-04-20 17:12:42</subfield>
    <subfield code="s">2026-04-06</subfield>
    <subfield code="t">c.2</subfield>
    <subfield code="w">2024-09-17</subfield>
    <subfield code="y">LIBRO</subfield>
  </datafield>
</record>
